10 Największych sieci sklepów w Polsce. - Statystyki

Ogólne statystyki
  • Ten quiz został rozwiązany 74 razy
  • Średni wynik to 8 z 10
Statystyki odpowiedzi
Sklep % Poprawnych
1. Biedronka
100%
2. Lidl
97%
4. Żabka
88%
3. Dino
84%
6. Auchan
80%
7. Carrefour
78%
5. Kaufland
77%
8. Aldi
70%
9. Netto
65%
10. Stokrotka
54%
Nie znaleziono quizów pasujących do podanych kryteriów
Rozkład punktacji
Procent ludzi z każdym wynikiem
Percentyl według liczby udzielonych odpowiedzi
Twoja historia wyników
Nie rozwiązałeś tego quizu